Northern Ireland all time starting xi - Statistics

General Stats
  • This quiz has been taken 56 times
  • The average score is 5 of 11
Answer Stats
Hint Answer % Correct
FW(1964-1977 George Best
98%
DF(2006-2024 Jonny Evans
79%
MF(2005-2022) Steven Davis
58%
FW(2006-2022) Kyle Lafferty
47%
FW(2000-2013) David Healy
44%
GK(1964-1986 Pat Jennings
40%
DF(2005-2018) Gareth McAuley
28%
DF(1998-2018) Aaron Hughes
26%
MF(1972-1987) Sammy McIlroy
19%
MF(2003-2016) Chris Baird
16%
DF(1980-1994) Mal Donaghy
12%
No matching quizzes found
Score Distribution
Percent of People with Each Score
Percentile by Number Answered
Your Score History
You have not taken this quiz